نظرية الشهادة في الفقه الإسلامي وتطبيقاتها في الحدود والقصاص : دراسة مقارنة تحليلية /
Saved in:
| Main Author: | |
|---|---|
| Other Authors: | |
| Format: | Thesis |
| Language: | Arabic |
| Published: |
Kuala Lumpur :
Kulliyah Ma'arif al-Wahy wa al-'Ulum al-Insaniyah, al-Jami'ah al-Islamiyah al-'Alamiyah bi- Maliziya,
2005
|
| Subjects: | |
| Online Access: | http://studentrepo.iium.edu.my/handle/123456789/9294 |
| Tags: |
Add Tag
No Tags, Be the first to tag this record!
|
| LEADER | 031330000a22005050004500 | ||
|---|---|---|---|
| 001 | 330002 | ||
| 005 | 20230420124237.0 | ||
| 008 | 051125s2005 my g 000 0 ara d | ||
| 035 | |a (Sirsi) 330002 | ||
| 040 | |a UIAM |b eng | ||
| 041 | 0 | |a ara | |
| 050 | 0 | 0 | |a BP158.4.H23 |
| 100 | 1 | |a وانغ، يونغ باو أحمد موسى |9 35086 | |
| 242 | 1 | 0 | |a Nazariyah al-shahadah fi al-fiqh al-Islami wa-tatbiqatiha fi al-hudud wa-al-qisas : |b dirasah muqaranah tahliliyah |
| 245 | 1 | 0 | |a نظرية الشهادة في الفقه الإسلامي وتطبيقاتها في الحدود والقصاص : |b دراسة مقارنة تحليلية / |c وانغ يونغ باو أحمد موسى |
| 260 | |a Kuala Lumpur : |b Kulliyah Ma'arif al-Wahy wa al-'Ulum al-Insaniyah, al-Jami'ah al-Islamiyah al-'Alamiyah bi- Maliziya, |c 2005 | ||
| 300 | |a ن، 420 leaves ; |c 30 cm. | ||
| 336 | |2 rdacontent | ||
| 337 | |2 rdamedia | ||
| 338 | |2 rdacarrier | ||
| 500 | |a "Bahth takmili muqaddam li-nayl darajat al-Dukturah fi 'Ulum al-Wahy wa-al-Turath (al-Fiqh wa-Usul al-Fiqh)."--On t.p. | ||
| 500 | |a Abstracts in English and Arabic. | ||
| 502 | |a Thesis (Ph.D.) -- International Islamic University Malaysia, 2005. | ||
| 504 | |a Includes bibliographical references (leaves 393-420). | ||
| 530 | |a Also available on 4 3/4 in. computer optical disc. | ||
| 650 | 0 | |a Witnesses (Islamic law) |9 35087 | |
| 650 | 0 | |a Witnesses |9 35088 | |
| 650 | 0 | |a Evidence (Islamic law) |9 32699 | |
| 650 | 0 | |a Murder (Islamic law) |9 7244 | |
| 650 | 0 | |a Punishment (Islamic law) |9 15811 | |
| 655 | 0 | 7 | |a Theses, IIUM local |
| 690 | 0 | |a Dissertations, Academic |x Department of Fiqh and Usul al-Fiqh |z IIUM | |
| 700 | 1 | |a Wang, Yong Bao Ahmed Musa |9 35089 | |
| 710 | 2 | |a International Islamic University Malaysia. |b Department of Arabic Language and Literature | |
| 730 | 0 | |a Nazariyah al-shahadah fi al-fiqh al-Islami wa-tatbiqatiha fi al-hudud wa-al-qisas : dirasah muqaranah tahliliyah. (Computer file) |9 35090 | |
| 856 | 4 | |u http://studentrepo.iium.edu.my/handle/123456789/9294 | |
| 900 | |a sn-jmd-his-naw | ||
| 942 | |2 lcc |n 0 | ||
| 999 | |c 431898 |d 464791 | ||
| 952 | |0 0 |6 T BP 158.4 H23 W246N 2005 |7 0 |8 THESES |9 753761 |a IIUM |b IIUM |c MULTIMEDIA |g 0.00 |o t BP 158.4 H23 W246N 2005 |p 00011275141 |r 2017-10-17 |t 1 |v 0.00 |y THESIS | ||
| 952 | |0 0 |6 LU T BP 158.4 H23 W246N 2005 |7 0 |8 THESES |9 754003 |a IIUM |b IIUM |c CLOSEACCES |g 0.00 |o lu t BP 158.4 H23 W246N 2005 |p 00000938309 |r 2017-10-24 |t 2 |v 0.00 |y THESIS | ||
| 952 | |0 0 |6 LU T BP 158.4 H23 W246N 2005 |7 0 |8 THESES |9 754004 |a IIUM |b IIUM |c CLOSEACCES |g 0.00 |o lu t BP 158.4 H23 W246N 2005 |p 00011275221 |r 2017-10-24 |t 3 |v 0.00 |y THESIS | ||
| 952 | |0 0 |6 LU T BP 158.4 H23 W246N 2005 |7 0 |8 THESES |9 754005 |a IIUM |b IIUM |c CLOSEACCES |g 0.00 |o lu t BP 158.4 H23 W246N 2005 |p 00011275201 |r 2017-10-24 |t 4 |v 0.00 |y THESIS | ||
| 952 | |0 0 |6 TS CDF BP158.4H23W246N 2005 |7 0 |8 THESES |9 821048 |a IIUM |b IIUM |c MULTIMEDIA |g 0.00 |o ts cdf BP158.4H23W246N 2005 |p 11100325464 |r 2017-10-26 |t 2 |v 0.00 |y THESISDIG | ||
| 952 | |0 0 |6 TS CDF BP158.4H23W246N 2005 |7 0 |8 THESES |9 821049 |a IIUM |b IIUM |c MULTIMEDIA |g 0.00 |o ts cdf BP158.4H23W246N 2005 |p 00001052160 |r 2017-10-26 |t 1 |v 0.00 |y THESISDIG | ||
